|
|
|
|
| LEADER |
00714nab a2200193 i 4500 |
| 001 |
acta27911 |
| 005 |
20210222154143.0 |
| 008 |
161017s1993 hu o 0|| hun d |
| 022 |
|
|
|a 1219-0039
|
| 040 |
|
|
|a SZTE Egyetemi Kiadványok Repozitórium
|b hun
|
| 041 |
|
|
|a hun
|
| 100 |
1 |
|
|a Oláh János
|
| 245 |
1 |
0 |
|a Mészáros István
|h [elektronikus dokumentum] :
|b ...Kimaradt tananyag... : Budapest, Márton Áron, [1993] /
|c Oláh János
|
| 260 |
|
|
|c 1993
|
| 300 |
|
|
|a 150-151
|
| 490 |
0 |
|
|a Módszertani közlemények
|v 33 No. 3
|
| 695 |
|
|
|a Egyháztörténet, Magyarország történelme
|
| 700 |
0 |
1 |
|a Mészáros István
|e aut
|
| 856 |
4 |
0 |
|u http://acta.bibl.u-szeged.hu/27911/1/modszertani_033_003_150-151.pdf
|z Dokumentum-elérés
|